000 01598cam a22003857a 4500
999 _c532507
_d532507
001 13646067
003 NUST
005 20191122110736.0
008 040706s2003 maua b 001 0 eng d
010 _a 2004301159
020 _a0876297025
035 _a(OCoLC)ocm53314504
038 _aMSOHAIL
040 _aIG#
_cIG#
_dIQU
_dOCLCQ
_dDLC
042 _alccopycat
050 0 0 _aTH437
_b.D425 2003
082 0 0 _a658.2
_222
100 1 _aDell'Isola, Alphonse J.
_926064
245 1 0 _aLife cycle costing for facilities :
_beconomic analysis for owners and professionals in planning, programming, and real estate development : designing, specifying, and construction, maintenance, operations, and procurement /
_cAlphonse J. Dell'Isola and Stephen J. Kirk.
260 _aKingston, MA :
_bReed Construction Data,
_cc2003.
300 _axxiv, 396 p. :
_bill. ;
_c29 cm.
504 _aIncludes bibliographical references (p. 377-382) and index.
650 0 _aBuildings
_xMaintenance
_xCost effectiveness.
_926065
650 0 _aLife cycle costing.
_926066
650 0 _aEngineering economy.
_926067
650 0 _aConstruction industry
_xCost effectiveness.
_926068
650 0 _aBuilding
_xEstimates.
_97436
650 0 _aBuilding
_xCost control.
_924737
650 0 _aService life (Engineering)
_926069
650 0 _aProduct life cycle.
_92232
700 1 _aKirk, Stephen J.
_926070
906 _a7
_bcbc
_ccopycat
_d2
_encip
_f20
_gy-gencatlg
942 _2ddc
_cBK